[Event "North American op 32nd"]
[Site "Las Vegas"]
[Date "2022.12.29"]
[Round "7"]
[White "Kaplan, Avi Harrison"]
[Black "Anderson, Tremil"]
[Result "1-0"]
[WhiteElo "2046"]
[BlackElo "1766"]
[PlyCount "195"]
[EventDate "2022.12.26"]
[EventType "swiss"]
[EventRounds "9"]
[EventCountry "USA"]
[SourceTitle "CBM 211 Extra"]
[Source "ChessBase"]
[SourceDate "2023.01.31"]
[SourceVersion "1"]
[SourceVersionDate "2023.01.31"]
[SourceQuality "1"]

1. b4 f5 2. Bb2 e6 3. a3 Nf6 4. Nf3 Be7 5. e3 0-0 6. c4 d6 7. Be2 Nbd7 8. 0-0 e5 9. d3 e4 10. dxe4 fxe4 11. Ng5 Nb6 12. Nc3 Bf5 13. c5 dxc5 14. Qb3+ Nbd5 15. Rad1 c6 16. Bc4 b5 17. Nxd5 Nxd5 18. Bxd5+ cxd5 19. Rxd5 c4 20. Qc3 Bf6 21. Rxd8 Raxd8 22. Qc2 Bxg5 23. Bd4 Rxd4 24. exd4 e3 25. Qe2 Bd3 26. Qg4 Bxf1 27. Kxf1 Rxf2+ 28. Ke1 h6 29. h4 Bf6 30. Qe6+ Kf8 31. Qxe3 Rxg2 32. Qf3 Rb2 33. Qa8+ Kf7 34. Qd5+ Kf8 35. h5 Rc2 36. Qa8+ Kf7 37. Qxa7+ Ke6 38. Qc5 c3 39. Qc6+ Kf7 40. Qc7+ Ke6 41. Qf4 Rd2 42. Qe3+ Kd7 43. Qh3+ Kd8 44. Qxc3 Rxd4 45. Qc6 Rd3 46. Qa8+ Kc7 47. Qa7+ Kd6 48. a4 Bc3+ 49. Ke2 Rd2+ 50. Kf3 Rd3+ 51. Ke4 Rd4+ 52. Kf5 Rd5+ 53. Kg6 Rg5+ 54. Kf7 Bxb4 55. Qe7+ Kd5 56. Qxb4 bxa4 57. Qxa4 Ke5 58. Qc4 Kf5 59. Qd4 Rg4 60. Qd5+ Kf4 61. Ke6 Rg5 62. Qd4+ Kg3 63. Kf7 Rxh5 64. Kxg7 Rf5 65. Kxh6 Kf3 66. Kg6 Rf4 67. Qd3+ Kg4 68. Qe3 Rf3 69. Qe4+ Kg3 70. Kg5 Kf2 71. Kg4 Re3 72. Qd4 Ke2 73. Kf4 Rd3 74. Qc4 Kd2 75. Ke4 Rc3 76. Qb4 Kc2 77. Kd4 Rb3 78. Qa4 Kb2 79. Kc4 Rc3+ 80. Kb4 Rd3 81. Qa7 Rb3+ 82. Kc4 Rc3+ 83. Kd4 Rc2 84. Qb6+ Kc1 85. Qb4 Rh2 86. Qe1+ Kc2 87. Kc4 Rd2 88. Qa1 Re2 89. Qa2+ Kd1 90. Qb1+ Kd2 91. Kd4 Rf2 92. Qb2+ Ke1 93. Qc1+ Ke2 94. Ke4 Rg2 95. Qc2+ Kf1 96. Qd1+ Kf2 97. Kf4 Rg8 98. Qd4+ 1-0